Quick Pick: 'C' Latin Phrases Quiz Stats

 Plays Quiz Updated Mar 31, 2017

Support Sporcle.
Go Orange.
Score 0/10 Timer 01:30
0 Plays Today
% Correct
Carpe diem
95.4%
Circa
94.9%
Canis canem edit
94.6%
Culpa
93.7%
Cum laude
90.5%
Camera obscura
90.3%
Cogito ergo sum
89%
Compos mentis
88.1%
Curriculum vitae
87.1%
Consummatum est
82.1%

Today's Daily Dose

You're not logged in!

Compare scores with friends on all Sporcle quizzes.
OR
Log In
Forgot?

From the Vault

Mountain Countries

by RobPro

You just need the right altitude.
Remove Ads.
Support Sporcle.
Get the best of Sporcle when you Go Orange. This ad-free experience offers more features, more stats, and more fun while also helping to support Sporcle. Thank you for becoming a member.

Show Comments

Extras

Top Quizzes Today


Score Distribution

Your Account Isn't Verified!

In order to create a playlist on Sporcle, you need to verify the email address you used during registration. Go to your Sporcle Settings to finish the process.

Report this User

Report this user for behavior that violates our Community Guidelines.

Details: